000 00497cam a2200193ua 4500
001 5540
008 131004n ii |||gr||||Z||||||eng
020 _a81-237-3677-0
040 _cMAIN
082 _a305.4
100 1 _aDeasi,Neera.,
_eauthor.
245 1 1 _aWomen in Indian Society
_cby Neera Desai
260 _aNew Delhi:
_bNational Book Trust,
_c2001.
300 _aix,213p.
653 _aSociology
653 _aWomein in Indian Society
700 1 _aThakkar,Usha.,
_eauthor.,
942 _cBK
999 _c4706
_d4706